000 00471nam a2200181Ia 4500
003 GCL
008 140319s9999 xx 000 0 eng d
040 _aGCL /
_cGCL
082 0 4 _a621.402011
_bB T
100 1 _aBALLONEY, P. L.
245 1 0 _aTHERMAL ENGINEERING /
_cBALLONEY, P. L.
260 _a[S.N] :
_bKHANNA PUBLISHERS ،
_c1993
300 _a1414 P
650 0 4 _aTHERMODYNAMICS
650 0 4 _aHEAT ENGINES
650 0 4 _aMECHANICS ENGINEERING
942 _2ddc
_cBK
999 _c20480
_d20480